000 00328nam a2200145Ia 4500
100 _aKumbhojkar/G.v
942 _cBK
654 _aengineering mathematics 1
245 _aEngineering Mathematics I
260 _bC.jamnodas and co.
_aNewDelhi
_c2002
082 _a511
_bKUM
300 _a352
546 _aENGLISH
999 _c29372
_d29372